[Event "Novokuznetsk op"]
[Site "Novokuznetsk"]
[Date "2013.08.16"]
[Round "6"]
[White "Kiyanovsky, Vladimir"]
[Black "Marjina, Arina"]
[Result "0-1"]
[WhiteElo "1993"]
[BlackElo "1910"]
[PlyCount "100"]
[EventDate "2013.08.11"]
[EventType "swiss"]
[EventRounds "9"]
[EventCountry "RUS"]
[SourceTitle "CBM 156 Extra"]
[Source "ChessBase"]
[SourceDate "2013.10.22"]
[SourceVersion "1"]
[SourceVersionDate "2013.10.22"]
[SourceQuality "1"]

1. c4 e5 2. Nc3 Nf6 3. g3 c6 4. d4 e4 5. d5 cxd5 6. cxd5 Bb4 7. Bd2 Qa5 8. Bg2 e3 9. fxe3 Na6 10. a3 Bxc3 11. Bxc3 Qb6 12. Qd4 Qxd4 13. Bxd4 Ke7 14. Rc1 d6 15. b4 Bd7 16. Nh3 Rhc8 17. Kd2 Bxh3 18. Rxc8 Bxc8 19. e4 Nc7 20. a4 Bd7 21. Rc1 Nce8 22. a5 a6 23. e3 Rc8 24. Rxc8 Bxc8 25. e5 dxe5 26. Bxe5 Nd6 27. Kd3 Bd7 28. e4 Bb5+ 29. Kd4 Nfe8 30. g4 f6 31. Bg3 Ba4 32. h4 Bc2 33. g5 Nb5+ 34. Kc5 Ned6 35. e5 Ne4+ 36. Bxe4 Bxe4 37. e6 Bf3 38. Be1 Nd6 39. gxf6+ gxf6 40. Kd4 Nf5+ 41. Kc5 Ne3 42. d6+ Kxe6 43. Bg3 Nf5 44. Bh2 Nxh4 45. b5 axb5 46. Kxb5 Ng2 47. Kc5 h5 48. Bf4 h4 49. Bh2 Ne3 50. Kd4 Ng4 0-1

[Event "Novokuznetsk op"]
[Site "Novokuznetsk"]
[Date "2013.08.15"]
[Round "5"]
[White "Lomantsov, Evgenij"]
[Black "Kiyanovsky, Vladimir"]
[Result "1-0"]
[WhiteElo "2292"]
[BlackElo "1993"]
[PlyCount "31"]
[EventDate "2013.08.11"]
[EventType "swiss"]
[EventRounds "9"]
[EventCountry "RUS"]
[SourceTitle "CBM 156 Extra"]
[Source "ChessBase"]
[SourceDate "2013.10.22"]
[SourceVersion "1"]
[SourceVersionDate "2013.10.22"]
[SourceQuality "1"]

1. e4 c5 2. Nf3 d6 3. d4 cxd4 4. Nxd4 Nf6 5. Nc3 a6 6. a4 Qa5 7. Nb3 Qb4 8. Bd3 e6 9. 0-0 Be7 10. a5 d5 11. e5 Ne4 12. Bxe4 dxe4 13. Ra4 Qxa4 14. Nxa4 Nd7 15. Qg4 Nxe5 16. Qxg7 1-0

[Event "Novokuznetsk op"]
[Site "Novokuznetsk"]
[Date "2013.08.14"]
[Round "4"]
[White "Kiyanovsky, Vladimir"]
[Black "Evtina, Diana"]
[Result "1-0"]
[WhiteElo "1993"]
[BlackElo "1894"]
[PlyCount "99"]
[EventDate "2013.08.11"]
[EventType "swiss"]
[EventRounds "9"]
[EventCountry "RUS"]
[SourceTitle "CBM 156 Extra"]
[Source "ChessBase"]
[SourceDate "2013.10.22"]
[SourceVersion "1"]
[SourceVersionDate "2013.10.22"]
[SourceQuality "1"]

1. c4 e6 2. Nc3 Nf6 3. g3 d5 4. cxd5 exd5 5. d4 c6 6. Bg2 Bf5 7. Nf3 Bd6 8. 0-0 0-0 9. Nh4 Be6 10. Bg5 Be7 11. e4 Nxe4 12. Bxe7 Qxe7 13. Nxe4 dxe4 14. Bxe4 f5 15. Bc2 g6 16. Re1 Kg7 17. Bb3 Rf6 18. Qe2 Kf7 19. Nf3 h6 20. Ne5+ Kg7 21. Nd3 Na6 22. Nf4 Nc7 23. Bxe6 Re8 24. Bb3 Qxe2 25. Rxe2 Rxe2 26. Nxe2 Rd6 27. Rc1 Ne6 28. Bxe6 Rxe6 29. Kf1 Kf6 30. h4 g5 31. h5 Rd6 32. f3 Rd5 33. Kf2 a5 34. Rc5 Ke6 35. Rxd5 Kxd5 36. Ke3 b5 37. b3 Kd6 38. a3 Kd5 39. Kd3 Kd6 40. Nc1 Kd5 41. Ke3 f4+ 42. gxf4 gxf4+ 43. Kd3 Ke6 44. Ke4 Kd6 45. Nd3 a4 46. b4 Ke6 47. Nxf4+ Kf6 48. Nh3 Ke6 49. f4 Kf6 50. f5 1-0

[Event "Novokuznetsk Siberia-ch"]
[Site "Novokuznetsk"]
[Date "2013.03.26"]
[Round "6"]
[White "Kiyanovsky, Vladimir"]
[Black "Karpov, Arkadiy"]
[Result "1-0"]
[WhiteElo "2013"]
[BlackElo "2080"]
[PlyCount "121"]
[EventDate "2013.03.21"]
[EventType "swiss"]
[EventRounds "9"]
[EventCountry "RUS"]
[SourceTitle "CBM 153 Extra"]
[Source "ChessBase"]
[SourceDate "2013.04.22"]
[SourceVersion "1"]
[SourceVersionDate "2013.04.22"]
[SourceQuality "1"]

1. c4 Nf6 2. Nc3 g6 3. g3 Bg7 4. Bg2 d6 5. e3 0-0 6. Nge2 e5 7. 0-0 Re8 8. d3 c6 9. Rb1 a5 10. a3 Nbd7 11. b4 axb4 12. axb4 Nb6 13. b5 e4 14. bxc6 bxc6 15. Nxe4 Nxe4 16. Qb3 Nxc4 17. Qxc4 Ba6 18. Qc2 Nc5 19. Rd1 Qc7 20. d4 Ne4 21. Nf4 f5 22. d5 Nc3 23. Ne6 Rxe6 24. dxe6 Nxd1 25. Qxc6 Qxc6 26. Bxc6 Rc8 27. e7 Kf7 28. Rb6 Rxc6 29. Rxc6 Be2 30. Rc7 Bf3 31. e8Q+ Kxe8 32. Rxg7 Nc3 33. Bb2 Ne4 34. Rxh7 Kd8 35. Rg7 Bh5 36. Kg2 Nd2 37. h3 Ke8 38. Bc3 Bf3+ 39. Kg1 Ne4 40. Bd4 Bh5 41. Kg2 Nd2 42. Bc3 Bf3+ 43. Kh2 Ne4 44. Be1 Bh5 45. Kg2 Kf8 46. Rc7 g5 47. f3 Nc5 48. Bb4 Nd3 49. Bxd6+ Kg8 50. g4 fxg4 51. hxg4 Bf7 52. Be7 Bd5 53. Rc8+ Kg7 54. Rd8 Bc4 55. Rxd3 Bxd3 56. Bxg5 Kg6 57. Bf4 Be2 58. Bb8 Kg5 59. Kg3 Bd1 60. f4+ Kf6 61. e4 1-0

[Event "Novokuznetsk op"]
[Site "Novokuznetsk"]
[Date "2011.08.18"]
[Round "8"]
[White "Kiyanovsky, Vladimir"]
[Black "Erukov, Nikita"]
[Result "1-0"]
[WhiteElo "2025"]
[BlackElo "2116"]
[PlyCount "105"]
[EventDate "2011.08.11"]
[EventType "swiss"]
[EventRounds "9"]
[EventCountry "RUS"]
[SourceTitle "CBM 144 Extra"]
[Source "ChessBase"]
[SourceDate "2011.10.28"]
[SourceVersion "1"]
[SourceVersionDate "2011.10.28"]
[SourceQuality "1"]

1. Nf3 d5 2. g3 Nf6 3. Bg2 Bg4 4. 0-0 e6 5. d3 Be7 6. c4 c6 7. cxd5 exd5 8. Qb3 Qb6 9. Qc2 0-0 10. Be3 Qc7 11. Nc3 a6 12. Bf4 Bd6 13. Bg5 Nbd7 14. e4 dxe4 15. dxe4 Rfe8 16. Rac1 Rac8 17. Nd2 h6 18. Be3 Bb4 19. f4 Qb8 20. a3 Bxc3 21. Qxc3 Bh5 22. Qa5 Be2 23. Rfe1 Bb5 24. a4 b6 25. Qb4 c5 26. Qb3 Bc6 27. e5 Ng4 28. Bxc6 Rxc6 29. Qd5 Qc7 30. Bd4 h5 31. Ne4 Nf8 32. Nd6 Rd8 33. Bc3 b5 34. axb5 axb5 35. b3 c4 36. b4 Ne6 37. Ra1 Qb6+ 38. Kh1 Nf2+ 39. Kg2 Nd3 40. Rf1 h4 41. Kf3 h3 42. Qe4 g6 43. Qe3 Rcxd6 44. exd6 Qxd6 45. Qe4 f5 46. Qe3 Qd5+ 47. Ke2 Qg2+ 48. Rf2 Nxf2 49. Qxe6+ Kf8 50. Qf6+ Ke8 51. Qxg6+ Kd7 52. Ra7+ Kc8 53. Qa6+ 1-0

[Event "Novokuznetsk op"]
[Site "Novokuznetsk"]
[Date "2011.08.13"]
[Round "3"]
[White "Kiyanovsky, Vladimir"]
[Black "Volodarsky, Yury Aleksandrovic"]
[Result "0-1"]
[WhiteElo "2025"]
[BlackElo "2184"]
[PlyCount "60"]
[EventDate "2011.08.11"]
[EventType "swiss"]
[EventRounds "9"]
[EventCountry "RUS"]
[SourceTitle "CBM 144 Extra"]
[Source "ChessBase"]
[SourceDate "2011.10.28"]
[SourceVersion "1"]
[SourceVersionDate "2011.10.28"]
[SourceQuality "1"]

1. c4 e5 2. Nc3 Nc6 3. g3 f5 4. e3 Nf6 5. Bg2 d5 6. Nxd5 Nxd5 7. cxd5 Nb4 8. d3 Nxd5 9. Nf3 Bd6 10. 0-0 c6 11. a3 0-0 12. b4 Qe7 13. Bb2 Kh8 14. Rc1 a5 15. bxa5 Rxa5 16. Rc4 Nb6 17. Rh4 Rb5 18. Qc2 Be6 19. d4 Bb3 20. Qc1 e4 21. Nd2 Bd5 22. f3 exf3 23. Nxf3 Nc4 24. Rf2 Nxb2 25. Rxb2 Bxa3 26. Ne5 Kg8 27. Bxd5+ cxd5 28. Qd1 Rxb2 29. Qh5 h6 30. Ng6 Qxe3+ 0-1

[Event "Novokuznetsk Goryainov op"]
[Site "Novokuznetsk"]
[Date "2010.08.16"]
[Round "5"]
[White "Vorobyova, Alyona"]
[Black "Kiyanovsky, Vladimir"]
[Result "1-0"]
[WhiteElo "1942"]
[BlackElo "2045"]
[PlyCount "153"]
[EventDate "2010.08.12"]
[EventType "swiss"]
[EventRounds "9"]
[EventCountry "RUS"]
[SourceTitle "CBM 138 Extra"]
[Source "ChessBase"]
[SourceDate "2010.10.29"]
[SourceVersion "1"]
[SourceVersionDate "2010.10.29"]
[SourceQuality "1"]

1. e4 c5 2. c4 d6 3. Ne2 Nf6 4. Nbc3 g6 5. d4 cxd4 6. Nxd4 Bg7 7. Be2 Bd7 8. 0-0 Nc6 9. Be3 0-0 10. Qd2 Rc8 11. f3 a6 12. Rac1 Qa5 13. Nxc6 Rxc6 14. Nd5 Qd8 15. Nb4 Rc8 16. Rfd1 a5 17. Nd3 b6 18. Qe1 Bc6 19. Nf4 Qc7 20. Qf2 Nd7 21. b3 Nc5 22. Bd3 Rb8 23. Kh1 Be5 24. Nd5 Bxd5 25. exd5 Qd7 26. Bf1 Qf5 27. Re1 Qh5 28. f4 Bf6 29. Bd4 Qf5 30. Bxc5 bxc5 31. Qd2 Rb4 32. Bd3 Qg4 33. Bc2 Ra8 34. Re4 Qh5 35. Re3 Qh6 36. Rh3 Qg7 37. f5 Ra7 38. fxg6 hxg6 39. Qe2 a4 40. Qg4 Ra8 41. Qd7 axb3 42. Bxb3 Bg5 43. Rf1 Qe5 44. Qg4 Kg7 45. Qf3 f6 46. Qf2 Rb7 47. Re1 Qd4 48. Qxd4 cxd4 49. Rd3 Be3 50. g3 f5 51. Kg2 g5 52. Re2 Kf6 53. Rc2 Rc8 54. Rd1 Ke5 55. Kf3 g4+ 56. Kg2 Ke4 57. Re2 d3 58. Ree1 Ra8 59. Rf1 Rh8 60. Rde1 Ra8 61. Rf4+ Ke5 62. Rxe3+ Kf6 63. Rxd3 Rh8 64. Rd2 Rh5 65. Re2 Rb8 66. Ref2 Rbh8 67. Kg1 Ra8 68. Rxg4 Ke5 69. Rgf4 Rah8 70. Bc2 e6 71. dxe6 Kxe6 72. Bxf5+ Ke7 73. Be4 R5h6 74. Bd5 R8h7 75. Rf7+ Rxf7 76. Rxf7+ Kd8 77. h4 1-0

[Event "Sibiria Region-ch"]
[Site "Novokuznetsk"]
[Date "2008.03.14"]
[Round "2"]
[White "Pereboev, Konstantin Gennadie"]
[Black "Kiyanovsky, Vladimir"]
[Result "1-0"]
[WhiteElo "2217"]
[BlackElo "2052"]
[PlyCount "69"]
[EventDate "2008.03.13"]
[EventType "swiss"]
[EventRounds "9"]
[EventCountry "RUS"]
[SourceTitle "CBM 123 Extra"]
[Source "ChessBase"]
[SourceDate "2008.05.06"]
[SourceVersion "1"]
[SourceVersionDate "2008.05.06"]
[SourceQuality "1"]

1. Nf3 c5 2. c4 e6 3. g3 d5 4. Bg2 Nf6 5. 0-0 Be7 6. cxd5 exd5 7. d4 c4 8. Nc3 Nc6 9. Ne5 0-0 10. e4 Nxe5 11. dxe5 Nxe4 12. Nxe4 dxe4 13. Bxe4 Qxd1 14. Rxd1 Rb8 15. Be3 b6 16. Rac1 Be6 17. Bd5 Bxd5 18. Rxd5 Rfd8 19. Rxd8+ Rxd8 20. Rxc4 Rd7 21. Rc8+ Bf8 22. Kg2 h6 23. a4 g5 24. h4 Kg7 25. hxg5 hxg5 26. Bxg5 Bc5 27. a5 Bd4 28. Bf6+ Kg6 29. axb6 Bxb6 30. Rc2 Kf5 31. f3 Bc7 32. g4+ Kg6 33. f4 Bb6 34. f5+ Kh6 35. Rc8 1-0

[Event "Novokuznetsk Goriainov Memorial op"]
[Site "Novokuznetsk"]
[Date "2007.08.17"]
[Round "4"]
[White "Kiyanovsky, Vladimir"]
[Black "Skurygin, Anton"]
[Result "0-1"]
[WhiteElo "2059"]
[BlackElo "2319"]
[PlyCount "106"]
[EventDate "2007.08.14"]
[EventType "swiss"]
[EventRounds "9"]
[EventCountry "RUS"]
[SourceTitle "EXT 2009"]
[Source "ChessBase"]
[SourceDate "2008.11.26"]
[SourceVersion "1"]
[SourceVersionDate "2008.11.26"]
[SourceQuality "1"]

1. Nf3 d5 2. g3 c5 3. Bg2 Nc6 4. 0-0 e5 5. d3 Be7 6. Nbd2 Be6 7. e4 d4 8. h3 Qd7 9. Kh2 h5 10. Nc4 f6 11. Nh4 Bf7 12. a4 0-0-0 13. Nf5 Bf8 14. f4 h4 15. fxe5 hxg3+ 16. Kxg3 Bxc4 17. dxc4 Nxe5 18. Bf4 g6 19. Bxe5 fxe5 20. Nh4 Be7 21. Nxg6 Rh6 22. Nxe7+ Nxe7 23. Kh2 Rg8 24. Qf3 Ng6 25. Qf5 Nf4 26. Qxd7+ Kxd7 27. Rf2 Rxg2+ 28. Rxg2 Rxh3+ 29. Kg1 Nxg2 30. Kxg2 Re3 31. Rh1 Rxe4 32. Rh7+ Ke6 33. Rxb7 Re2+ 34. Kf3 Rxc2 35. a5 Rxc4 36. a6 Kd5 37. Rd7+ Kc6 38. Rxa7 Kb6 39. Re7 Kxa6 40. Rxe5 Kb5 41. Re2 Rc1 42. Rd2 Kc4 43. Ke2 Kb3 44. Kd3 Re1 45. Rf2 Re3+ 46. Kd2 Kxb2 47. Rf5 Rc3 48. Rf8 Kb3 49. Rb8+ Kc4 50. Rb7 Rh3 51. Kc2 Rh2+ 52. Kc1 Kc3 53. Kd1 d3 0-1

[Event "Novokuznetsk Goriainov Memorial op"]
[Site "Novokuznetsk"]
[Date "2007.08.16"]
[Round "3"]
[White "Kiyanovsky, Vladimir"]
[Black "Epifantsev, Igor"]
[Result "1-0"]
[WhiteElo "2059"]
[BlackElo "2195"]
[PlyCount "115"]
[EventDate "2007.08.14"]
[EventType "swiss"]
[EventRounds "9"]
[EventCountry "RUS"]
[SourceTitle "EXT 2009"]
[Source "ChessBase"]
[SourceDate "2008.11.26"]
[SourceVersion "1"]
[SourceVersionDate "2008.11.26"]
[SourceQuality "1"]

1. d4 Nf6 2. c4 e6 3. Nc3 Bb4 4. Bd2 c5 5. e3 d5 6. Nf3 Nc6 7. cxd5 exd5 8. dxc5 0-0 9. Be2 Bxc5 10. 0-0 Ne4 11. Rc1 Bd6 12. Nb5 Bf5 13. Nbd4 Nxd4 14. Nxd4 Bg6 15. Bc3 Re8 16. Nb5 Bb8 17. Bd4 Qh4 18. Nc7 Bxc7 19. Rxc7 b6 20. Bg4 h5 21. Bf3 Qd8 22. Rc1 h4 23. h3 Ng5 24. Bg4 Qd6 25. Qa4 Ne6 26. Rc6 Qd7 27. Rfc1 f5 28. Qc2 Nxd4 29. exd4 Kh7 30. Bf3 Re6 31. Rc7 Qd6 32. Rc6 Qd7 33. Rxe6 Qxe6 34. Qc7 a5 35. Qf4 Qf6 36. Rc7 Rd8 37. a3 Rd6 38. Rc8 Bf7 39. Rf8 Rd7 40. Qb8 g6 41. Qf4 Kg7 42. Rc8 Rd6 43. b4 axb4 44. axb4 g5 45. Qe3 Be6 46. Rc7+ Kg6 47. b5 Bd7 48. Be2 Qd8 49. Ra7 Qe8 50. Qf3 Kf6 51. g4 Qe4 52. gxf5 Qxf3 53. Bxf3 Bxb5 54. Bg4 Rd7 55. Ra8 Bd3 56. Rf8+ Kg7 57. Rb8 b5 58. f6+ 1-0

[Event "Novokuznetsk Goriainov Memorial op"]
[Site "Novokuznetsk"]
[Date "2007.08.14"]
[Round "1"]
[White "Golubchikov, Slava"]
[Black "Kiyanovsky, Vladimir"]
[Result "1-0"]
[WhiteElo "2206"]
[BlackElo "2059"]
[PlyCount "52"]
[EventDate "2007.08.14"]
[EventType "swiss"]
[EventRounds "9"]
[EventCountry "RUS"]
[SourceTitle "EXT 2009"]
[Source "ChessBase"]
[SourceDate "2008.11.26"]
[SourceVersion "1"]
[SourceVersionDate "2008.11.26"]
[SourceQuality "1"]

1. e4 c5 2. Nf3 d6 3. Bb5+ Nc6 4. Bxc6+ bxc6 5. e5 Bg4 6. exd6 exd6 7. d3 Nf6 8. 0-0 Be7 9. Re1 0-0 10. Nbd2 Re8 11. Nf1 Nd5 12. Ng3 Bf6 13. Re4 Qd7 14. c3 Re7 15. h3 Bxf3 16. Qxf3 Rae8 17. Bd2 Be5 18. Nf5 Re6 19. Qg4 g6 20. Nh6+ Kh8 21. Qf3 f5 22. Ra4 Bg7 23. Kf1 Qe7 24. g4 Re2 25. Bg5 fxg4 26. hxg4 Qd7 1-0

[Event "Novokuznetsk Goriainov Memorial op"]
[Site "Novokuznetsk"]
[Date "2007.08.14"]
[Round "9"]
[White "Kiyanovsky, Vladimir"]
[Black "Iwasaki, Yudai"]
[Result "0-1"]
[WhiteElo "2059"]
[BlackElo "2138"]
[PlyCount "96"]
[EventDate "2007.08.14"]
[EventType "swiss"]
[EventRounds "9"]
[EventCountry "RUS"]
[SourceTitle "EXT 2009"]
[Source "ChessBase"]
[SourceDate "2008.11.26"]
[SourceVersion "1"]
[SourceVersionDate "2008.11.26"]
[SourceQuality "1"]

1. d4 Nf6 2. c4 g6 3. Nc3 Bg7 4. e4 d6 5. f3 0-0 6. Be3 c5 7. d5 e6 8. Qd2 exd5 9. cxd5 a6 10. Bd3 b5 11. g4 Nbd7 12. h4 Re8 13. h5 Qa5 14. hxg6 fxg6 15. Nh3 c4 16. Be2 b4 17. Nd1 c3 18. bxc3 bxc3 19. Qc2 Bb7 20. Nf4 Nf8 21. Rb1 Bc8 22. Bb6 Qa3 23. Nxc3 Nxg4 24. Rb3 Bxc3+ 25. Qxc3 Qxa2 26. fxg4 Rxe4 27. Be3 Bd7 28. Kf2 Rae8 29. Ra1 Rxf4+ 30. Ke1 Rxe3 31. Rxa2 Rxc3 32. Rxc3 Re4 33. Rc4 Re5 34. Rd4 g5 35. Rxa6 Rxe2+ 36. Kxe2 Bb5+ 37. Ke3 Bxa6 38. Rb4 Nd7 39. Ra4 Nc5 40. Rb4 Kf7 41. Rb6 Ke7 42. Rb8 Kf6 43. Rf8+ Ke7 44. Rg8 Bd3 45. Rxg5 Bg6 46. Kd4 Nd7 47. Kc4 Kf6 48. Rxg6+ hxg6 0-1